|
|
|
|
| LEADER |
01366nam a2200373Ia 4500 |
| 001 |
EBC939383 |
| 003 |
MiAaPQ |
| 005 |
20200520144314.0 |
| 006 |
m o d | |
| 007 |
cr cn||||||||| |
| 008 |
120802s2013 enk sb 001 0 eng d |
| 010 |
|
|
|z 2012029000
|
| 020 |
|
|
|z 9780749466534
|
| 020 |
|
|
|a 9780749466541 (electronic bk.)
|
| 035 |
|
|
|a (MiAaPQ)EBC939383
|
| 035 |
|
|
|a (Au-PeEL)EBL939383
|
| 035 |
|
|
|a (CaPaEBR)ebr10632691
|
| 035 |
|
|
|a (CaONFJC)MIL414952
|
| 035 |
|
|
|a (OCoLC)819609476
|
| 040 |
|
|
|a MiAaPQ
|c MiAaPQ
|d MiAaPQ
|
| 050 |
|
4 |
|a HD8038.A1
|b N49 2013
|
| 100 |
1 |
|
|a Newton, Stephen.
|
| 245 |
1 |
4 |
|a The professional's guide to business development
|h [electronic resource] :
|b how to win business in the professional services /
|c Stephen Newton.
|
| 260 |
|
|
|a London :
|b Kogan Page,
|c 2013.
|
| 300 |
|
|
|a x, 188 p.
|
| 504 |
|
|
|a Includes bibliographical references and index.
|
| 533 |
|
|
|a Electronic reproduction. Ann Arbor, MI : ProQuest, 2015. Available via World Wide Web. Access may be limited to ProQuest affiliated libraries.
|
| 650 |
|
0 |
|a Branding (Marketing)
|
| 650 |
|
0 |
|a Professions.
|
| 650 |
|
0 |
|a Small business
|x Management.
|
| 650 |
|
0 |
|a Success in business.
|
| 655 |
|
4 |
|a Electronic books.
|
| 710 |
2 |
|
|a ProQuest (Firm)
|
| 856 |
4 |
0 |
|u https://ebookcentral.proquest.com/lib/matrademy/detail.action?docID=939383
|z Click to View
|